000 00761nam a2200253Ia 4500
003 OSt
005 20220923223422.0
006 a|||||r|||| 00| 0
007 ta
008 220922b |||||||| |||| 00| 0 hin d
024 _a215,098
037 _cTextual
040 _aARTS
_cARTS
_bhin
041 _2hin
_ahin
082 _aO152,3N14w, M4
100 _aप्रसाद, कमला
245 0 _aयशपाल
246 _aYashapāla
260 _aनई दिल्ली
_b साहित्य अकादेमी
_c1984
300 _a69 पृ.
_ccm.
650 _aहिन्दी साहित्य
_9156264
942 _hO152,3N14w, M4
_cTEXL
_2CC
999 _c365012
_d365012